000 00291nam a22001337a 4500
008 171024b xxu||||| |||| 00| 0 eng d
020 _a9781559533348
041 _aeng
080 _a311
100 _a55
101 _aSTA
245 _aSTATISTICS IN ACTION
_cWATKINS,A.E
942 _2udc
_cBK
999 _c35789
_d35789